How many fish? / (Record no. 3145)

MARC details
000 -LEADER
fixed length control field 00965cam a2200313 a 4500
005 - DATE AND TIME OF LATEST TRANSACTION
control field 20240214093533.0
020 ## - INTERNATIONAL STANDARD BOOK NUMBER
International Standard Book Number 0060277130
020 ## - INTERNATIONAL STANDARD BOOK NUMBER
International Standard Book Number 9780064442732
040 ## - CATALOGING SOURCE
Original cataloging agency DLC
Transcribing agency DLC
Modifying agency DLC
Language of cataloging eng
050 00 - LIBRARY OF CONGRESS CALL NUMBER
Classification number PZ8.3.C66
Item number 1998
082 00 - DEWEY DECIMAL CLASSIFICATION NUMBER
Classification number 811.54
100 1# - MAIN ENTRY--PERSONAL NAME
Personal name Cohen, Caron Lee
245 10 - TITLE STATEMENT
Title How many fish? /
Statement of responsibility, etc. story by Cohen, Lee Cohen; pictures by Schindler, S.D.
250 ## - EDITION STATEMENT
Edition statement First Harper Trophy edition. 2000
260 ## - PUBLICATION, DISTRIBUTION, ETC.
Place of publication, distribution, etc. New York :
Name of publisher, distributor, etc. HarperCollinsPublishers,
Date of publication, distribution, etc. 1998
300 ## - PHYSICAL DESCRIPTION
Extent 25 pages :
Other physical details color illustrations ;
Dimensions 22 cm.
490 0# - SERIES STATEMENT
Series statement My first I can read book
505 ## - FORMATTED CONTENTS NOTE
Formatted contents note C <br/>
520 ## - SUMMARY, ETC.
Summary, etc. A school of fish and a group of children frolic in the bay.
521 ## - TARGET AUDIENCE NOTE
Target audience note 150 <br/>
Source Lexile <br/>
521 ## - TARGET AUDIENCE NOTE
Target audience note C <br/>
Source Raz-Plus <br/>
650 #1 - SUBJECT ADDED ENTRY--TOPICAL TERM
Topical term or geographic name entry element Fishes
Form subdivision Fiction
650 #1 - SUBJECT ADDED ENTRY--TOPICAL TERM
Topical term or geographic name entry element Counting
650 #1 - SUBJECT ADDED ENTRY--TOPICAL TERM
Topical term or geographic name entry element Stories in rhyme
700 1# - ADDED ENTRY--PERSONAL NAME
Personal name Schindler, S. D.
Relator term illustrator
906 ## - LOCAL DATA ELEMENT F, LDF (RLIN)
a 7
b cbc
c orignew
d 1
e ocip
f 19
g y-gencatlg
942 ## - ADDED ENTRY ELEMENTS (KOHA)
Source of classification or shelving scheme Dewey Decimal Classification
Koha item type Books
Suppress in OPAC No
999 ## -
-- 3145
-- 3145
Holdings
Withdrawn status Lost status Source of classification or shelving scheme Damaged status Not for loan Collection Home library Current library Shelving location Date acquired Total Checkouts Full call number Barcode Date due Date last seen Date last checked out Price effective from Koha item type
    Dewey Decimal Classification     Juvenile Fiction Footprints International School Library Network Toul Kork Campus Footprints International School Library Network Toul Tom Poung Campus   02/14/2024 1 CHO 811.54 PZ8.C66 FIS03112 01/28/2026 01/14/2026 01/14/2026 02/14/2024 Books